000 01136nam a2200301Ia 4500
008 160803s9999 xx 000 0 und d
020 _a0 590474472
100 _aRud van der Rol
245 _aAnne Frank, beyond the diary :
245 _cby Ruud van der Rol and Rian Verhoeven in association with the Anne Frank House ; translated by Tony Langham and Plym Peters ; with an introduction by Anna Quindlen.
260 _aNew York :
260 _bScholastic Inc.
260 _c1992
300 _axii, 113 pages :
300 _billustrations ;
300 _c23 cm
500 _aIncludes index.
650 _aAmsterdam (Netherlands) -- Biography -- Pictorial works --
650 _aFrank, Anne, -- 1929-1945 -- Pictorial works --
650 _aFrank, Anne, -- 1929-1945.
650 _aHolocaust, Jewish (1939-1945) -- Netherlands -- Amsterdam -- Pictorial works --
650 _aJews -- Netherlands -- Amsterdam -- Biography -- Pictorial works --
650 _xJuvenile literature.
650 _xJuvenile literature.
650 _xJuvenile literature.
650 _xJuvenile literature.
700 _a1030
999 _c298177
_d298177